000 00340nam a2200145Ia 4500
003 OSt
005 20240408103924.0
008 170523s9999 xx 000 0 und d
020 _a0072125322
040 _cIIMT UNIVERSITY
100 _aMILLER
245 0 _aANALYSING BROAD BRAND NETWORKING
260 _bTATA MC GRAW HILL
942 _2ddc
_c02
999 _c1979
_d1979